MARC details
| 000 -BAŞLIK |
| Sabit Uzunlukta Kontrol Alanı |
01586na a2200385 4500 |
| 001 - KONTROL NUMARASI |
| Denetim Alanı |
23322 |
| 003 - KONTROL NUMARASI IDENTIFIER |
| Denetim Alanı |
MIRAKIL |
| 005 - SON İŞLEM TARİHİ VE ZAMANI |
| Denetim Alanı |
20181213155044.0 |
| 008 - SABİT-BOY VERİ ELEMANLARI - GENEL BİLGİLER |
| Sabit Uzunlukta Kontrol Alanı |
170911b tu 000 0 |
| 020 ## - ULUSLARARASI STANDART KİTAP NUMARASI |
| Uluslararası Standart Kitap Numarası |
9789751624918 |
| 040 ## - KATALOGLAMA KAYNAK |
| Orijinal Kataloglama Ajansı |
Milas |
| Kataloglama Dili |
tur |
| Metne Dönüştürmek Ajansı |
TR-AnCHP |
| 041 ## - DİL KODU |
| Metin / Ses Parça Veya Ayrı Başlığın Dil Kodu |
tur |
| 082 ## - DEWEY ONLU SINIFLANDIRMA NUMARASI |
| Sınıflandırma Numarası |
327.561 |
| Ürün Numarası |
S68 2012 |
| 090 ## - SINIFLAMA NUMARASI |
| Sınıflama Numarası |
327.561 S68 2012 |
| 245 ## - BAŞLIK TABLOSU |
| Başlık |
Sovyetler Birliği'nin dağılmasından yirmi yıl sonra Rusya federasyonu |
| Başlığın Kalan |
Avrasya'da yeniden çizilen sınırlar, inşa edilen kimlikler projesi III. kitap |
| -- |
Türk Dilli halklar |
| -- |
Türkiye ile ilişkiler |
| Sorumluluk Tablosu, Vb |
editörler Erhan Büyükakıncı, Eyüp Bacanlı; proje yürütücüsü: Suer Eker |
| 246 ## - UNVAN FORM VARYING |
| Başlık Doğru / Kısa Başlığı |
Türkiye ile ilişkiler |
| 246 ## - UNVAN FORM VARYING |
| Başlık Doğru / Kısa Başlığı |
Türk Dilli halklar |
| 246 ## - UNVAN FORM VARYING |
| Başlık Doğru / Kısa Başlığı |
Avrasya'da yeniden çizilen sınırlar, inşa edilen kimlikler projesi III. kitap |
| 260 ## - YAYIN, DAĞITIM, VB |
| Yayın, Dağıtım, Vb Yeri |
Ankara |
| Yayıncı, Dağıtıcı, Vs Adı |
Atatürk Kültür Merkezi |
| Yayın, Dağıtım, Vb Tarihi |
2012 |
| 300 ## - FİZİKSEL TANIM |
| Kapsam |
xxi, 872 s. |
| Diğer Fiziksel Ayrıntıları |
fotğ.; hrt.; tbl. |
| Boyutlar |
24 sm. |
| 440 ## - SERİSİ TABLOSU / KATMA GİRİŞİ - BAŞLIK |
| Başlık |
Atatürk Kültür Merkezi Yayını |
| Hacim / Ardışık Tanımı |
411 |
| 490 ## - SERİSİ TABLOSU |
| Seri Beyanı |
Araştırma ve İnceleme |
| Hacim / Ardışık Tanımı |
87 |
| 504 ## - KAYNAKÇA VB NOT |
| Kaynakça Vb Notu |
Kaynakça ve dizin var. |
| 650 ## - KONU KATMA GİRİŞ - TOPİKAL DÖNEM |
| Topikal Süreli Veya Coğrafi Ad Giriş Elemanı |
Rusya Federasyonu |
| Genel Alt Bölümü |
Yönetim ve Politikalar |
| Kronolojik Alt Bölümü |
Tarih |
| 650 ## - KONU KATMA GİRİŞ - TOPİKAL DÖNEM |
| Topikal Süreli Veya Coğrafi Ad Giriş Elemanı |
Türkiye |
| Genel Alt Bölümü |
Dış ilişkiler |
| Coğrafi Alt Bölümü |
Rusya Federasyonu |
| 650 ## - KONU KATMA GİRİŞ - TOPİKAL DÖNEM |
| Topikal Süreli Veya Coğrafi Ad Giriş Elemanı |
Rusya Federasyonu |
| Genel Alt Bölümü |
Dış ilişkiler |
| Coğrafi Alt Bölümü |
Türkiye |
| 650 ## - KONU KATMA GİRİŞ - TOPİKAL DÖNEM |
| Topikal Süreli Veya Coğrafi Ad Giriş Elemanı |
Rusya Federasyonu |
| Genel Alt Bölümü |
Tarih |
| 700 ## - KATMA GİRİŞ - KİŞİSEL İSİM |
| Kişisel Ad |
Eker, Suer |
| 700 ## - KATMA GİRİŞ - KİŞİSEL İSİM |
| Kişisel Ad |
Bacanlı, Eyüp |
| 700 ## - KATMA GİRİŞ - KİŞİSEL İSİM |
| Kişisel Ad |
Büyükakıncı, Erhan |
| 740 ## - KATMA GİRİŞ - KONTROLSUZ İLGİLİ / ANALİTİK BAŞLIK |
| Kontrol Edilmeyen / İlgili Analitik Başlıktaki |
Türkiye ile ilişkiler |
| 740 ## - KATMA GİRİŞ - KONTROLSUZ İLGİLİ / ANALİTİK BAŞLIK |
| Kontrol Edilmeyen / İlgili Analitik Başlıktaki |
Türk Dilli halklar |
| 740 ## - KATMA GİRİŞ - KONTROLSUZ İLGİLİ / ANALİTİK BAŞLIK |
| Kontrol Edilmeyen / İlgili Analitik Başlıktaki |
Avrasya'da yeniden çizilen sınırlar, inşa edilen kimlikler projesi III. kitap |
| 942 ## - EKLENDİ GİRİŞ ELEMANLARI (KOHA) |
| Sınıflandırma Veya Raf Düzeni Kaynak |
|
| Koha Öğesi Türü |
Books |
| 999 ## - SİSTEM KONTROL NUMARALARI (KOHA) |
| Koha Biblionumber |
5704 |
| Koha Biblioitemnumber |
5704 |